书目信息 |
| 题名: |
田径跳跃项目训练纵横谈
|
|
| 作者: | 宋跃先 著 | |
| 分册: | ||
| 出版信息: | 长沙 湖南大学出版社 2006 |
|
| 页数: | 209页 | |
| 开本: | 21cm | |
| 丛书名: | ||
| 单 册: | ||
| 中图分类: | G823.02 | |
| 科图分类: | ||
| 主题词: | 跳跃项目--运动训练 , 跳跃项目 , 运动训练 | |
| 电子资源: | ||
| ISBN: | 7-81113-084-X | |
| 000 | 00810nam0 2200253 450 | |
| 001 | 003254004 | |
| 005 | 20070923091147.57 | |
| 010 | @a7-81113-084-X@dCNY16.00 | |
| 100 | @a20060104d2006 em y0chiy0110 ea | |
| 101 | 0 | @achi |
| 102 | @aCN@b430000 | |
| 105 | @aa z 000yy | |
| 106 | @ar | |
| 200 | 1 | @a田径跳跃项目训练纵横谈@9tian jing tiao yue xiang mu xun lian zong heng tan@f宋跃先著 |
| 210 | @a长沙@c湖南大学出版社@d2006 | |
| 215 | @a209页@c图@d21cm | |
| 330 | @a本书阐述了运动训练的基本理论;对跳远、三级跳、跳高、撑杆跳高等田径运动项目的运动员选材要求、训练方法与手段等进行了详细的介绍。 | |
| 606 | 0 | @a跳跃项目@x运动训练 |
| 606 | 0 | @a跳跃项目 |
| 606 | 0 | @a运动训练 |
| 690 | @aG823.02@v4 | |
| 701 | 0 | @a宋跃先@9song yue xian@f(1958~)@4著 |
| 801 | 0 | @aCN@bNLC@c20070923 |
| 905 | @dG823.02@e89 | |
| 田径跳跃项目训练纵横谈/宋跃先著.-长沙:湖南大学出版社,2006 |
| 209页:图;21cm |
| ISBN 7-81113-084-X:CNY16.00 |
| 本书阐述了运动训练的基本理论;对跳远、三级跳、跳高、撑杆跳高等田径运动项目的运动员选材要求、训练方法与手段等进行了详细的介绍。 |
| ● |
| 相关链接 |
|
|
|
|
正题名:田径跳跃项目训练纵横谈
索取号:G823.02/89
 
预约/预借
| 序号 | 登录号 | 条形码 | 馆藏地/架位号 | 状态 | 备注 |
| 1 | 0626486 | 206264861 | 第一样本阅览室/ [索取号:G823.02/89] | 在馆 | |
| 2 | 0626487 | 206264870 | 第四借阅区/ [索取号:G823.02/89] | 在馆 | |
| 3 | 0626488 | 206264889 | 第四借阅区/ [索取号:G823.02/89] | 在馆 | |
| 4 | 0626489 | 206264898 | 第四借阅区/ [索取号:G823.02/89] | 在馆 | |
| 5 | 0626490 | 206264905 | 第四借阅区/ [索取号:G823.02/89] | 在馆 |